| 000 | 00446nam a2200169Ia 4500 | ||
|---|---|---|---|
| 008 | 100122s9999 xx 000 0 und d | ||
| 082 |
_b35152 _a133.335 |
||
| 100 | _aRASAJO | ||
| 245 | _aHORARY NUMEROLOGY OF THE TRUF | ||
| 260 |
_bD.B.TARAPOREVALA & SONS CO _c1905 |
||
| 300 | _a146 | ||
| 520 | _aNUMEROLOGY | ||
| 620 | _aNUMEROLOGY | ||
| 630 | _aHORARY NUMEROLOGY OF THE TRUF | ||
| 730 | _aHORARY NUMEROLOGY OF THE TRUF | ||
| 942 | _cBOOK | ||
| 999 |
_c371099 _d371096 |
||